Statistics for Atletico Madrid scorers in Liga 2017-2018

Click here to take the quiz!

General Stats

  • This quiz has been taken 67 times
  • The average score is 8 of 11

Answer Stats

PlayerGoals% Correct
Antoine Griezmann16
100%
Koke3
94%
Saul Niguez2
89%
Diego Costa3
83%
José Gimenez1
78%
Angel Correa7
74%
Fernando Torres2
74%
Filipe Luis1
66%
Thomas Partey3
62%
Kevin Gameiro5
55%
Victor Vitolo2
35%

Score Distribution

Percentile by Number Answered

Percent of People with Each Score

Your Score History

You have not taken this quiz